A migrén életminőségre gyakorolt hatása

Elmentve itt :
Bibliográfiai részletek
Szerző: Gajdács Márió
Dokumentumtípus: Cikk
Megjelent: 2021
Sorozat:MAGYAR CSALÁDORVOSOK LAPJA 2021 No. 1
mtmt:31867758
Online Access:http://publicatio.bibl.u-szeged.hu/20816
LEADER 00594nab a2200181 i 4500
001 publ20816
005 20210215114120.0
008 210215s2021 hu o 0|| zxx d
022 |a 1789-607X 
024 7 |a 31867758  |2 mtmt 
040 |a SZTE Publicatio Repozitórium  |b hun 
041 |a zxx 
100 1 |a Gajdács Márió 
245 1 2 |a A migrén életminőségre gyakorolt hatása  |h [elektronikus dokumentum] /  |c  Gajdács Márió 
260 |c 2021 
300 |a 53-54 
490 0 |a MAGYAR CSALÁDORVOSOK LAPJA  |v 2021 No. 1 
856 4 0 |u http://publicatio.bibl.u-szeged.hu/20816/1/15gajdacs.pdf  |z Dokumentum-elérés